00474nam a2200157 a 4500008004100000050001700041100001600058245007800074260003900152300000900191350000900200490004600209700002000255700002600275710001500301080925s2006 ||||||||||||||||| || u aIBRD(08)PRWP aFares, Jean10aHow are youth faring in the labor market?: evidence from around the world aWashington, D.C.bWorld Bankc2006 a31p. a0.00 aWorld Bank policy research working papers aOrazem, Peter F aMontenegro, Claudio E aWorld Bank